书目信息 |
| 题名: |
统计基础
|
|
| 作者: | 刘红霞 主编 | |
| 分册: | ||
| 出版信息: | 北京 中国时代经济出版社 2012 |
|
| 页数: | 114页 | |
| 开本: | 26cm | |
| 丛书名: | ||
| 单 册: | ||
| 中图分类: | C8 | |
| 科图分类: | ||
| 主题词: | 统计学--广播电视教育--教材 | |
| 电子资源: | ||
| ISBN: | 978-7-5119-1231-2 | |
| 000 | 00763nam0 2200241 450 | |
| 001 | 338738 | |
| 005 | 20150603150949.95 | |
| 010 | @a978-7-5119-1231-2@dCNY22.50 | |
| 100 | @a20130312d2012 em y0chiy50 ea | |
| 101 | 0 | @achi |
| 102 | @aCN@b110000 | |
| 105 | @ay q 000yy | |
| 106 | @ar | |
| 200 | 1 | @a统计基础@Atong ji ji chu@f刘红霞主编 |
| 210 | @a北京@c中国时代经济出版社@d2012 | |
| 215 | @a114页@d26cm | |
| 300 | @a北京市农业广播电视学校会计专业教材/朱启酒,昝景会主编 | |
| 330 | @a本书共七章, 内容包括: 统计调查、统计整理、统计指标、动态数列分析、统计指数、抽样估计等内容。 | |
| 606 | 0 | @a统计学@x广播电视教育@j教材 |
| 690 | @aC8@v5 | |
| 701 | 0 | @a刘红霞@Aliu hong xia@c(女, @f1963)@4主编 |
| 801 | 0 | @aCN@b卓展宏图@c20150525 |
| 905 | @dC8@e115@f4 | |
| 统计基础/刘红霞主编.-北京:中国时代经济出版社,2012 |
| 114页;26cm |
| 北京市农业广播电视学校会计专业教材/朱启酒,昝景会主编 |
| ISBN 978-7-5119-1231-2:CNY22.50 |
| 本书共七章, 内容包括: 统计调查、统计整理、统计指标、动态数列分析、统计指数、抽样估计等内容。 |
| ● |
| 相关链接 |
|
|
|
|
正题名:统计基础
索取号:C8/115
 
预约/预借
| 序号 | 登录号 | 条形码 | 馆藏地/架位号 | 状态 | 备注 |
| 1 | 860327 | 208603279 | 第一样本阅览室/ [索取号:C8/115] | 在馆 | |
| 2 | 860328 | 208603288 | 第一借阅区/ [索取号:C8/115] | 在馆 | |
| 3 | 860329 | 208603297 | 第一借阅区/ [索取号:C8/115] | 在馆 | |
| 4 | 860330 | 208603304 | 第一借阅区/ [索取号:C8/115] | 在馆 |